La Fenice di Babilonia n. 2

-д хадгалсан:
Номзүйн дэлгэрэнгүй
Үндсэн зохиолч: AA.VV
Формат: Ном
Хэл сонгох:Тодорхойгүй
Хэвлэсэн: Milano Babilonia 1997
Шошгууд: Шошго нэмэх
Шошго байхгүй, Энэхүү баримтыг шошголох эхний хүн болох!

MARC

LEADER 00000nam a2200000Ia 4500
001 299
003 NUMERAZIONE-ORIGINALE-BRESCIA
005 20260206230751.0
008 260206s9999 xx 000 0 und d
100 |a AA.VV. 
245 0 |a La Fenice di Babilonia n. 2 
260 |a Milano 
260 |b Babilonia 
260 |c 1997 
500 |a Periodico di cultura omosessuale 
942 |2 ddc  |c BK  |n 0 
952 |0 0  |1 0  |2 ddc  |4 0  |6 14  |7 0  |9 28500  |a BS  |b BS  |d 2026-02-06  |i 299  |l 0  |o 1-4-*  |r 2026-02-06 22:40:36  |w 2026-02-06  |x [REVISIONARE]  |y BK 
999 |c 24173  |d 24173